000 00649nam a22001937a 4500
003 NUST-PNEC
005 20170116180709.0
008 141002b xxu||||| |||| 00| 0 eng d
020 _a0070015163
040 _cPNEC
082 _a620.0212 HUC
100 _9488
_aHuckert, Jesse
245 _aEngineering tables: ASME Handbook
_cJesse Huckert
260 _aNew York,
_bMcGraw-Hill Book Company
_c1956.
300 _a712 p. :
_bill. ;
_c25 cm.
500 _ahttp://www.amazon.com/Engineering-American-Society-Mechanical-Engineers/dp/0070015163/ref=sr_1_1?s=books&ie=UTF8&qid=1412224850&sr=1-1&keywords=0070015163
650 _xME
942 _2ddc
_cBK
999 _c60885
_d60885